=LDR 00000nam 2200000 4500 =001 INLIS000000000014058 =005 20130612105349 =008 ***********************************Ind. Belanda** =035 ##$$0010-061300000014058 =041 ##$$a Ind. Belanda =082 ##$$a R.439.331 =090 ##$$a R.439.331, Suk k =100 ##$$a Soekartini =245 ##$$a Kamus Indonesia - Belanda, Mrr.Soekartini, SH =260 ##$$a 1980 $b Ende Flores =300 ##$$a 465 hlm, 23 cm =650 ##$$a Bahasa - Kamus =850 ##$$a NBPNMAT